000 00282nam a22001337a 4500
008 180129b xxu||||| |||| 00| 0 eng d
020 _a9780753709283
041 _aeng
080 _a574
100 _a9
101 _aMJE
245 _aOrchid Basics
_cCroix, I.L
942 _2udc
_cBK
999 _c41162
_d41162